| 000 | 00000nam 2200000zi 4500 |
| 001 | 9.930786 |
| 003 | CaOODSP |
| 005 | 20240212112314 |
| 006 | m o d f |
| 007 | cr mn||||||||| |
| 008 | 231123e20231019qucab ob f000 0 eng d |
| 020 | |a9780660689968 |q(final report) |
| 020 | |a9780660689975 |q(summary) |
| 040 | |aCaOODSP|beng|erda|cCaOODSP |
| 043 | |an-cn--- |
| 045 | |ay1y2 |
| 086 | 1 |aEm20-183/1-2024E-PDF |
| 086 | 1 |aEm20-183/2-2024E-PDF |
| 245 | 00|aEvaluation of the Canada Student Loan Forgiveness for Family Doctors and Nurses Benefit, Canada Student Financial Assistance Program : |bfinal report / |cEvaluation Directorate, Strategic and Service Policy Branch. |
| 264 | 1|a[Gatineau, Quebec] : |bEmployment and Social Development Canada = Emploi et développement social Canada, |cOctober 19, 2023. |
| 264 | 4|c©2024 |
| 300 | |a1 online resource (32 pages) : |billustrations (chiefly colour), colour maps + |esummary (2 unnumbered pages) |
| 336 | |atext|btxt|2rdacontent |
| 337 | |acomputer|bc|2rdamedia |
| 338 | |aonline resource|bcr|2rdacarrier |
| 500 | |aIssued also in French under title: Évaluation de l'exonération de remboursement du prêt d'études pour les médecins de famille et le personnel infirmier, Programme canadien d'aide financière aux étudiants : rapport final. |
| 504 | |aIncludes bibliographical references. |
| 520 | |a"Canada Student Loan Forgiveness for Family Doctors and Nurses Benefit is a Government of Canada initiative instituted in fiscal year 2012 to 2013 in accordance with Budget 2011 announcement. The initiative falls under the Canada Student Financial Assistance (CSFA) Program which provides partial student loan forgiveness to eligible healthcare professionals, including family doctors, nurses and nurse practitioners, who practised in an under-served rural or remote community. This is the first summative evaluation of the benefit's relevance and effectiveness since inception. It is based on four lines of evidence and covers the period spanning from fiscal years 2013 to 2014 and 2021 to 2022. The evaluation aims to determine the extent to which the benefit has achieved its objectives"--Introduction, page 5. |
| 650 | 0|aMedical students|xLoans|xGovernment policy|zCanada|xEvaluation. |
| 650 | 0|aNursing students|xLoans|xGovernment policy|zCanada|xEvaluation. |
| 710 | 1 |aCanada. |bEmployment and Social Development Canada. |bEvaluation Directorate, |eissuing body. |
| 775 | 08|tÉvaluation de l'exonération de remboursement du prêt d'études pour les médecins de famille et le personnel infirmier, Programme canadien d'aide financière aux étudiants : |w(CaOODSP)9.930788 |
| 856 | 40|qPDF|s1.16 MB|uhttps://publications.gc.ca/collections/collection_2024/edsc-esdc/Em20-183-1-2024-eng.pdf|z(final report) |
| 856 | 40|qPDF|s236 KB|uhttps://publications.gc.ca/collections/collection_2024/edsc-esdc/Em20-183-2-2024-eng.pdf|z(summary) |
| 856 | 4 |qHTML|sN/A|uhttps://www.canada.ca/en/employment-social-development/corporate/reports/evaluations/canada-student-loan-forgiveness-family-doctors-nurses-benefit.html|z(final report) |
| 856 | 4 |qHTML|sN/A|uhttps://www.canada.ca/en/employment-social-development/corporate/reports/evaluations/canada-student-loan-forgiveness-family-doctors-nurses-benefit/summary.html|z(summary) |